000
00226nam a22001097a 4500
082
_a
001
_b
CHA/T
245
_a
TELL ME ABOUT
260
_a
LONDON
_b
CHANCELLOR
300
_a
207
650
_a
GENERAL KNOWLEDGE
_z
LONDON
942
_c
BK
999
_c
2695
_d
2695